000 00458nam a2200169 i 4500
001 70549
003 ES-MaACL
005 20230906170842.0
007 t|
008 040727s1958 sp ||||1| spa d
100 1 _aGarcía Vidal, Ceferino.
_955404
245 1 0 _aMes de mayo /
_cpor Ceferino García Vidal.
250 _a4ª ed.
260 _aPlasencia :
_bSánchez Rodrigo,
_c[1958]
300 _a105 p. ;
_c16 cm.
852 _aES-MaACL
_jC-15285
_bR.42003
999 _c70549
_d70549